LIBRARY & INFORMATION CENTRE, KCAET, TAVANUR

ONLINE PUBLIC ACCESS CATALOGUE (OPAC)

Engineering graphics (Record no. 10944)

MARC details
000 -LEADER
fixed length control field 00310cam a2200121ua 4500
020 ## - INTERNATIONAL STANDARD BOOK NUMBER
ISBN 9788122427547
082 ## - DEWEY DECIMAL CLASSIFICATION NUMBER
Classification number 604
Item number VEN/EN
100 ## - MAIN ENTRY--AUTHOR NAME
Personal name Venugopal, K .
-- Prabhu Raja,V
245 ## - TITLE STATEMENT
Title Engineering graphics
250 ## - EDITION STATEMENT
Edition statement 2 / 10
260 ## - PUBLICATION, DISTRIBUTION, ETC. (IMPRINT)
Place of publication New Delhi :
Name of publisher New Age International Ltd ,
Year of publication 2010
942 ## - ADDED ENTRY ELEMENTS (KOHA)
Koha item type Books
Holdings
Withdrawn status Lost status Damaged status Home library Current library Date acquired Full call number Accession Number Koha item type Collection code Shelving location Source of acquisition Cost, normal purchase price
      KAUAET KAUAET 07/04/2012 604 19482 Books        
      KAUAET KAUAET 10/06/2016 604 VEN/EN 24215 Books   General Stacks Penta Books, Calicut 280.00
free website counter